01523nam a2200349 a 4500001001000000003000500010005001700015008004100032010001100073011001100084040000900095090001000104100003900114245020700153260004100360500006000401502007700461590004100538590004000579590004000619650002800659650003100687650003400718650003300752856007000785901000700855942001000862942000600872999001900878952014000897952013601037000113350CHAP20220329144350.0170609s2016 mx a fsm |||||||spa d a109811 a110783 cCHAP aTesis1 aSantos Rojas, Angel Moises913254610aVariabilidad genética de la germinación y crecimiento de plántulas en poblaciones de maíz amarillo (Zea mays L.) para los Valles Altos de México /h[En línea]cpor Angel Moises Santos Rojas. aChapingo, Méx. :bEl autor,c2016. aPara ver el contenido del material haga clic en la liga aTesis (Ing. Agr. Esp. en Fitotecnia) -- UACH. Departamento de Fitotecnia aE11695DGDb10c20170611lUCH01h1429 aE8697GMMb05c20170609lUCH01h1356 aE8697GMMb05c20170609lUCH01h141614aMaízxCalidad.97089414aMaízxGenética.97096314aMaízxGerminación.97096514aMaízxMejoramiento.971006 aFinding aiduhttp://10.13.5.2/tesis/sist113350.pdfzTeclea aquí aBK cTESIS n0 c109811d109811 00102local4053708TESISaBCbBCcPA_TESISd2017-06-09fTESISl0oTesisp33724002526264r2019-12-31 00:00:00tc.2w2019-12-31yTESIS 00104054718TESISaBCbBCd2017-06-09fTESISl0oTesisp33724002526306r2019-12-31 00:00:00w2019-12-31yTESISzRecien adquirido